Mobbing... per tutti!

Bibliographic Details
Main Author: Belsito, Antonio
Format: eBook
Language:Italian
Published: Bari : Cacucci Editore, 2011
Subjects:
Online Access:http://www.vlex.com/source/11200

MARC

LEADER 00000nam a22000007a 4500
005 20130429164816.0
007 cr|||| ||||
008 130429e2011 it |||||s|||| 00||0 ita d
020 |a 9788866110422 
035 |a 11200 
040 |a vLex 
090 |c 4215  |d 4215 
100 1 0 |a Belsito, Antonio 
245 1 0 |a Mobbing... per tutti!  |c / Antonio Belsito   |h [Recurso electrn̤ico] 
256 |a Servicio en ln̕ea 
260 |a Bari :  |b Cacucci Editore,   |c 2011 
300 |a 1 Recurso electrn̤ico 
506 |d vLex Global  |d vLex Global (Academic Edition, excluding Law Schools)  |d vLex Global (U.S. Academic Edition, Law Schools)  |d vLex Global (U.S. Academic Edition, excluding Law Schools)  |d vLex Global (Academic Edition, Law Schools) 
650 0 4 |a Psicologa̕ 
650 0 4 |a Derecho laboral y Seguridad Social  |z Italia 
650 0 4 |a Mobbing 
740 |a vLex Libros (Servicio en ln̕ea) 
856 |a Acceso restringido  |u http://www.vlex.com/source/11200 
942 |c BOOK 
999 0 |a Psychology